| 000 | 00673nam a2200217 4500 | ||
|---|---|---|---|
| 001 | 111331 | ||
| 003 | ES-MaACL | ||
| 005 | 20230906185302.0 | ||
| 007 | t| | ||
| 008 | 061121s1968 sp r ||||1| spa d | ||
| 100 | 1 |
_aNeidig, W. P. _985330 |
|
| 245 | 1 | 0 |
_aRadio-estereofonía / _cpor W. P. Neidig y P. W. Zwollo; traducido por A. Diez Moreno. |
| 260 |
_aMadrid : _bParaninfo, _c1968. |
||
| 300 |
_a102 p., 1 lám. ; _c21 cm. |
||
| 490 | 1 | _aBiblioteca técnica Philips | |
| 700 | 1 |
_aZwollo, P. W. _9118567 |
|
| 700 | 1 |
_aDíez Moreno, Antonio. _944754 |
|
| 830 | 0 |
_aBiblioteca técnica Philips _9181540 |
|
| 852 |
_aES-MaACL _jC-48513 _bR.67238 |
||
| 999 |
_c111331 _d111331 |
||